| 000 | 00804nam a22002297a 4500 | ||
|---|---|---|---|
| 003 | DO-SdBNP | ||
| 005 | 20240301073829.0 | ||
| 007 | ta | ||
| 008 | 210907b2018 dr ||||| |||| 00| 0 spa d | ||
| 020 | _a9789945609424 | ||
| 040 |
_aDO-SdBNP _bspa _cBNPHU |
||
| 100 | 1 |
_aKieffer, Gilbert _979778 |
|
| 245 | 1 | 0 |
_aEl hombre anónimo del humanismo a la transhumanidad / _cGilbert Kieffer ; prólogo1 Dr. Tony Raful ; prólogo 2 Dr. Jottin Cury. |
| 260 |
_aSanto Domingo : _bSantuario, _c2018. |
||
| 300 |
_a172 p. ; _c23 cm. |
||
| 500 | _aIncluye notas al pie de las páginas. | ||
| 500 | _aIncluye datos biográficos del autor en las solapas. | ||
| 590 | _aInventariado, 2021 /LP | ||
| 700 | 1 |
_aRaful, Tony, _d1951- _eprólogo _91377 |
|
| 700 | 1 |
_aCury, Jottin, _eprólogo _910227 |
|
| 942 |
_2ddc _cLBS1 |
||
| 999 |
_c50435 _d50435 |
||